000 015290000a22002050004500
020 _a958-04-2981-2
041 0 _aSPA
082 0 4 _aG 179 V444m
245 1 0 _aLas mujeres en la historia de Colombia. Tomo I: Mujeres, historia y política / Magdala Velásquez Toro, Dirección académica, Consejería Presidencial para la Política Social
260 _aBogotá, Colombia : Norma
300 _aXXV, 455 Pag.
440 0 _aColección Vitral
505 0 0 _alas mujeres en las sociedades prehispánicas -- las mujeres castellanas de los siglos XV y XVI y su presencia en América -- las mujeres en la ilustración -- las mujeres en la independencia -- Soledad Acosta de Samper -- Policarpa Salavarrieta -- María Cano -- aspectos de la condición jurídica de las mujeres -- le república liberal y la lucha por los derechos civiles y políticos de las mujeres -- proceso histórico y derecho de las mujeres, 50 y60 -- movimientos de mujeres en los años 60 y 70 -- las mujeres hoy -- la coyuntura de los 80 años -- mujeres y vinculación laboral en Colombia -- mujeres y espacios políticos -- mujeres y violencia -- estereotipos sobre la feminidad -- el movimiento social de las mujeres -- las mujeres y la salud -- condición jurídica de las mujeres -- el estado y las mujeres
650 1 4 _aMUJERES - COLOMBIA - HISTORIA \ MUJERES EN LA POLITICA - COLOMBIA - HISTORIA
001 1376
942 _cBK
999 _c32699
_d32699
336 _atexto
_btxt
_2rdacontent
337 _2rdamedia
_asin mediación
_bn
338 _2rdacarrier
_avolumen
_bnc